Open Data Biblioteca Nacional de Portugal


República Portuguesa: Ministério da Cultura
Biblioteca Nacional de Portugal

Catálogo da BNP: acesso por Identificadores Unívocos
Registos Bibliográficos associados ao registo de autoridade

Etiqueta de registo: 00000nkm 2200025 450
001 2265086
003 http://id.bnportugal.gov.pt/bib/catbnp/2265086
100 ## $a20260211d1979 m y0pory01030103ba
101 0# $apor
102 ## $aBR
200 1# $a3.ª Mostra Internacional de Cinema em São Paulo, Museu de Arte de São Paulo, 17 a 31 de outubro$bVisual gráfico]$gdesigner Paulo de Andrade
210 #9 $aSão Paulo$cMostra Internacional de Cinema de São Paulo$d1979$e[São Paulo]:$gFlick Produções e Laboratório de Cinema)
215 ## $a1 cartaz$ccolor.$d50x35 cm
317 ## $aColeção Madeira Luís
702 #1 $aAndrade,$bPaulo de$4410$3924799
710 02 $aMostra Internacional de Cinema em São Paulo,$eSão Paulo,$31984657
801 #0 $aPT$bBN$gRPC
966 ## $lBN$mICONOG$sCT. 20380 A.$x3
971 ## $cCatmusica8$d20260211
995 ## $aPRR2026 $d20260211$iCatmusica8

OpendataBNP@bnportugal.pt | Mais informação sobre acesso aos dados BNP